000 00420nam a2200181Ia 4500
005 20250423095235.0
008 250422s9999 xx 000 0 und d
020 _a978-978-918-336-4
050 _aKP 107.2 .E7/
100 _aErinosho T,Bolanle
245 0 _aEnviromental law in Africa
260 _aIbadan
260 _bKraft
260 _c2015
300 _a294 p
650 _aEnvironmental Law
942 _cBK
999 _c29674
_d29674